Statistics for Dove Cameron

Click here to take the quiz!

General Stats

  • This quiz has been taken 52 times
  • The average score is 3 of 7

Answer Stats

HintAnswer% Correct
How old is she (2018)?22
93%
What is her real name?Chloe Celeste Hosterman
83%
What is her sister's name?Claire Hosterman
55%
How tall is she (meters)?1.57
45%
Dad's namePhilip Hosterman
14%
Mom's nameBonni Wallace
3%
Best friends nameEmmy Buckner
3%

Score Distribution

Percentile by Number Answered

Percent of People with Each Score

Your Score History

You have not taken this quiz